000
00344pam a2200157a 44500
008
230515b2009 xxu||||| |||| 00| 0 eng d
020
_a
NULL
041
_a
ENGLISH
082
_a
5.115
100
_a
ROTH CHARLES H
245
_a
FUNDAMENTALS OF LOGIC DESIGN
250
_a
5
260
_a
DELHI
_b
NA
_c
2009
300
_a
687
650
_a
NULL
999
_c
637018
_d
637018